Economía y trabajo en Chile: 1991-1992. Informe anual

Tallennettuna:
Bibliografiset tiedot
Aineistotyyppi: Kirja
Kieli:espanja
Julkaistu: Santiago Programa de Economía del Trabajo 1992
Aiheet:
Tagit: Lisää tagi
Ei tageja, Lisää ensimmäinen tagi!

MARC

LEADER 00000nam a2200000 a 4500
001 UCX6558
003 CL-VaPUC
008 930723e19920000CL |||||||||||||||||spa|d
082 0 4 |a 331.83  |b ECO  |2 21 
245 1 0 |a Economía y trabajo en Chile: 1991-1992. Informe anual 
300 |a 259 p 
942 |c BK 
945 |d 19930723 00:00:00 
260 |a Santiago  |b Programa de Economía del Trabajo  |c 1992 
650 7 |a ECONOMIA DEL TRABAJO  |2 CL-VaPUC  |9 320317 
650 7 |a TRABAJO Y TRABAJADORES  |2 CL-VaPUC  |9 255560 
650 7 |a RELACIONES INDUSTRIALES  |2 CL-VaPUC  |9 323098 
651 7 |a CHILE  |2 CL-VaPUC  |9 323099 
583 |a last modification  |c 19930723 00:00:00  |k Rodrigo Vera 
999 |c 226557  |d 226555 
952 |0 0  |1 0  |4 0  |6 331_830000000000000_ECO_1992  |7 0  |8 A  |9 225009  |a BIBENE  |b BIBENE  |d 2019-11-15  |i 2937174  |o 331.83 ECO 1992  |p 2937174  |r 2025-01-15  |w 2019-11-15  |y BK  |k ICO